МАХ-фаза Ti3SiC2 как возможный материал защитного покрытия оболочек ТВЭЛ на атомных ледоколах и в арктическом судостроении; Перспективные материалы конструкционного и функционального назначения

Sonraí bibleagrafaíochta
Parent link:Перспективные материалы конструкционного и функционального назначения.— 2024.— С. 212-214
Príomhchruthaitheoir: Сподина А. В. Анастасия Вячеславовна
Údar corparáideach: Национальный исследовательский Томский политехнический университет (570)
Rannpháirtithe: Свинухова А. А. Арина Андреевна
Achoimre:Текстовый файл
Teanga:Rúisis
Foilsithe / Cruthaithe: 2024
Sraith:Функциональные материалы
Ábhair:
Rochtain ar líne:http://earchive.tpu.ru/handle/11683/81587
Formáid: Leictreonach Caibidil leabhair
KOHA link:https://koha.lib.tpu.ru/cgi-bin/koha/opac-detail.pl?biblionumber=676789

MARC

LEADER 00000naa2a2200000 4500
001 676789
005 20251224135300.0
090 |a 676789 
100 |a 20241120d2024 k||y0rusy50 ca 
101 0 |a rus 
102 |a RU 
135 |a drbn ---uucaa 
200 1 |a МАХ-фаза Ti3SiC2 как возможный материал защитного покрытия оболочек ТВЭЛ на атомных ледоколах и в арктическом судостроении  |f А. В. Сподина, А. А. Свинухова  |g Национальный исследовательский Томский политехнический университет 
225 1 |a Функциональные материалы 
283 |2 RDAcarrier 
320 |a Список литературы: 3 назв 
336 |a Текстовый файл 
463 1 |0 676692  |9 676692  |c Томск  |d 2024  |n Изд-во ТПУ  |o сборник научных трудов Международной научно-технической молодежной конференции, Томск, 21–25 октября 2024 г.  |t Перспективные материалы конструкционного и функционального назначения  |u conference_tpu-2024-C125.pdf  |v С. 212-214  |f ред. кол. С. П. Буякова, Б. С. Зенин, О. Ю. Ваулина [и др.] 
610 1 |a электронный ресурс 
610 1 |a труды учёных ТПУ 
610 1 |a защитные покрытия  
610 1 |a атомные ледоколы 
610 1 |a безвакуумный электродуговой синтез 
700 1 |a Сподина  |b А. В.  |g Анастасия Вячеславовна  |f 2006-  |c старший лаборант, техник Томского политехнического университета  |y Томск  |7 ca  |8 rus  |9 88986 
701 1 |a Свинухова  |b А. А.  |c специалист в области электроэнергетики  |c инженер Томского политехнического университета  |f 1999-  |g Арина Андреевна  |9 88532 
712 0 2 |a Национальный исследовательский Томский политехнический университет  |c (2009- )  |9 26305  |4 570 
801 0 |a RU  |b 63413507  |c 20241120 
850 |a 63413507 
856 |u http://earchive.tpu.ru/handle/11683/81587  |z http://earchive.tpu.ru/handle/11683/81587 
942 |c CF